书目信息 |
| 题名: |
数字创世纪
|
|
| 作者: | 李建会 , 张江 编著 | |
| 分册: | ||
| 出版信息: | 北京 科学出版社 2006.01 |
|
| 页数: | 313页 | |
| 开本: | 26cm | |
| 丛书名: | 生命科学交叉研究丛书 | |
| 单 册: | ||
| 中图分类: | Q811.2 | |
| 科图分类: | ||
| 主题词: | 生物模拟--sheng wu mo ni | |
| 电子资源: | ||
| ISBN: | 7-03-015143-7 | |
| 000 | 01047nam 2200265 450 | |
| 001 | 012006946526 | |
| 005 | 20060905161313.00 | |
| 010 | @a7-03-015143-7@dCNY48.00 | |
| 100 | @a20060611d2006 km y0chiy0120 ea | |
| 101 | 0 | @achi |
| 102 | @aCN@b110000 | |
| 105 | @aa z 000yy | |
| 200 | 1 | @a数字创世纪@Ashu zi chuang shi ji@e人工生命的新科学@f李建会, 张江编著@Fli jian hui,zhang jiang bian zhu |
| 210 | @a北京@c科学出版社@d2006.01 | |
| 215 | @a313页@c图@d26cm | |
| 225 | 2 | @a生命科学交叉研究丛书@Asheng ming ke xue jiao cha yan jiu cong shu |
| 330 | @a本书对计算机和生物学交叉的前沿科学—人工生命进行了较详细地介绍,从人工生命的起源、研究方法、形式、主张等方面进行描述,是国内外一本系统地、全面地阐述人工生命的生命观的著作。 | |
| 410 | 0 | @12001 @a生命科学交叉研究丛书 |
| 517 | 1 | @a人工生命的新科学@Aren gong sheng ming de xin ke xue |
| 606 | 0 | @a生物模拟@Asheng wu mo ni |
| 690 | @aQ811.2@v4 | |
| 701 | 0 | @a李建会@Ali jian hui@4编著 |
| 701 | 0 | @a张江@Azhang jiang@4编著 |
| 801 | 0 | @aCN@bQSSK@c20060905 |
| 905 | @a10447@dQ811.2@eL182 | |
| 数字创世纪:人工生命的新科学/李建会, 张江编著.-北京:科学出版社,2006.01 |
| 313页:图;26cm.-(生命科学交叉研究丛书) |
| ISBN 7-03-015143-7:CNY48.00 |
| 本书对计算机和生物学交叉的前沿科学—人工生命进行了较详细地介绍,从人工生命的起源、研究方法、形式、主张等方面进行描述,是国内外一本系统地、全面地阐述人工生命的生命观的著作。 |
| ● |
| 相关链接 |
|
|
|
正题名:数字创世纪
索取号:Q811.2/L182
 
预约/预借
| 序号 | 登录号 | 条形码 | 馆藏地/架位号 | 状态 | 备注 |
| 1 | 585513 | 205855136 | 自科库401/401自科库 32排3列1层/ [索取号:Q811.2/L182] | 在馆 | |
| 2 | 585514 | 205855145 | 自科库401/401自科库 32排3列1层/ [索取号:Q811.2/L182] | 在馆 | |
| 3 | 585515 | 205855154 | 自科库401/401自科库 32排3列1层/ [索取号:Q811.2/L182] | 在馆 |